Normal view
MARC view
- Funcionarios públicos
Entry Materia
001 - NÚMERO DE CONTROL DEL REGISTRO
- campo de control: 18274
003 - IDENTIFICADOR DE NUMERO DE CONTROL
- campo de control: UPN
005 - FECHA Y HORA DE LA ÚLTIMA TRANSACCIÓN
- campo de control: 20251021101116.0
008 - DATOS DE LONGITUD FIJA
- campo de control de longitud fija: nabaccnnaabn|||||||||| b |nc|||||d
035 ## - NÚMERO DE CONTROL DEL SISTEMA
- Número de control del sistema: UPN10000018282
040 ## - FUENTE DE LA CATALOGACIÓN
- Lengua de catalogación: SPA
- Agencia de transcripción: UPN
150 ## - ENCABEZAMIENTO - TEMÁTICO
- Término de materia o nombre geográfico como elemento inicial: Funcionarios públicos
360 ## - REFERENCIA COMPLEJA DE VÉASE ADEMÁS - MATERIA
- Texto explicativo: Véase también
- Encabezamiento al que se remite: FUNCIONARIOS Y EMPLEADOS PUBLICOS
- Texto explicativo: bajo nombres de países, ciudades, etc. Ej.:
- Encabezamiento al que se remite: MEXICO - FUNCIONARIOS PUBLICOS
450 ## - VÉASE - MATERIA
- Encabezamiento temático: Empleados del gobierno
670 ## - FUENTE EN LA QUE SE LOCALIZARON DATOS
- Cita de la fuente: E
680 ## - NOTA GENERAL CON DESPLIEGUE PÚBLICO
- Texto explicativo: Aquí se asientan las obras generales. Las obras sobre funcionarios públicos de una jurisdicción particular se asientan bajo el encabezamiento de la jurisdicción, con la subdivisión de
- Encabezamiento: FUNCIONARIOS Y EMPLEADOS PUBLICOS.
- Texto explicativo: Ej.:
- Encabezamiento: E.U.A. - FUNCIONARIOS Y EMPLEADOS PUBLICOS ; LIGA DE NACIONES - FUNCIONARIOS Y EMPLEADOS PUBLICOS
902 ## - CATALOGADOR
- Catalogador: BEC/050796
